000
00239nam a22001097a 4500
082
_a
621.4025 TRI'I
100
_a
TRINKS, W
_9
58267
245
_a
INDUSTRIAL FURNACES
260
_a
NEWYORK
_b
JOHN WILEY
_c
1961
300
_a
486P
942
_c
BK
999
_c
568464
_d
568464